000 00277nam a2200121Ia 4500
008 241002s9999 xx 000 0 und d
082 _a223.7 ARB
100 _aArberry, A.J.
245 0 _aTales From the Masnavi
260 _aLondon:
_c1968
600 _aReligion
942 _cUC
999 _c18621
_d18621